000 00464nam a2200145 a 4500
001 000032936
005 20200930065926.0
008 110802s1933 dr 000 0 spa d
040 _aDO-SdBNP
_bspa
_cBNPHU
100 1 _aGuzmán, F. Benjamin
_923793
245 1 0 _aFulgores del tramonto. /
_cF. Benjamin Guzmán.
260 _aSantiago, República Dominicana :
_bEditora Corazón de Jésus,
_c1933.
300 _a1v. con varias paginaciones ;
_c24 cm.
049 _aBNPD
999 _c32427
_d32427